| 000 | 01629nam a2200505 i 4500 | ||
|---|---|---|---|
| 001 | 17970 | ||
| 003 | KOSZ 005 | ||
| 005 | 20210928083559.0 | ||
| 008 | 020718s1978 pl a f |000 0 pol | ||
| 015 | _aPB 1978/4909 | ||
| 035 | _a991018855099705066 | ||
| 035 | _a(PL-WaBN)b15110023-48omnis_nlop | ||
| 035 | _ab15110023 | ||
| 035 | _a(OCoLC)831044362 | ||
| 035 | _a(PL)b0000001511002 | ||
| 035 | _a(EXLNZ-48OMNIS_NETWORK)9910442361405606 | ||
| 040 |
_aWA N _cWA N _dKOSZ 005/EG |
||
| 046 | _k1978 | ||
| 080 | _a72/75.03 | ||
| 080 | _a(438) | ||
| 080 | _a(084.1) | ||
| 080 | _a"15/16" | ||
| 100 | 1 |
_aKozakiewiczowa, Helena _eAutor |
|
| 245 | 1 | 0 |
_aRenesans i manieryzm w Polsce / _cHelena Kozakiewiczowa. |
| 260 |
_aWarszawa : _bWydawnictwa Artystyczne i Filmowe : _b"Auriga", _c1978. |
||
| 300 |
_a173, [2] s., [2] s., [4] k. tabl. kolor. : _bil. portr. ; _c25 cm. |
||
| 336 |
_2rdacontent _aTekst _btxt |
||
| 337 |
_2rdamedia _aBez urządzenia pośredniczącego _bn |
||
| 338 |
_2rdacarrier _aWolumin _bnc |
||
| 380 | _aKsiążki | ||
| 388 | _a1901-2000 | ||
| 388 | _a1945-1989 | ||
| 648 | 7 |
_a1501-1600 _2DBN |
|
| 648 | 7 |
_a1601-1700 _2DBN |
|
| 650 | 7 | _aHistoria sztuki | |
| 650 | 7 | _aStyle i kierunki artystyczne | |
| 650 | 7 | _aRenesans | |
| 650 | 7 | _aManieryzm | |
| 655 | 7 | _aSztuka polska | |
| 658 | _aKultura i sztuka | ||
| 710 | 2 | _aWydawnictwa Artystyczne i Filmowe | |
| 856 |
_uhttp://koha.tu.koszalin.pl/cgi-bin/koha/opac-detail.pl?biblionumber=17970 _yKatalog online BPK |
||
| 942 |
_2UKD _cKS |
||
| 999 |
_c17970 _d17970 |
||